<?xml version="1.0" encoding="UTF-8"?>
<record
    xmlns:xsi="http://www.w3.org/2001/XMLSchema-instance"
    xsi:schemaLocation="http://www.loc.gov/MARC21/slim http://www.loc.gov/standards/marcxml/schema/MARC21slim.xsd"
    xmlns="http://www.loc.gov/MARC21/slim">

  <leader>01104nam a22001817a 4500</leader>
  <controlfield tag="003">OSt</controlfield>
  <controlfield tag="005">20230414192600.0</controlfield>
  <controlfield tag="008">230414b           ||||| |||| 00| 0 spa d</controlfield>
  <datafield tag="020" ind1=" " ind2=" ">
    <subfield code="a">9789501511161</subfield>
  </datafield>
  <datafield tag="040" ind1=" " ind2=" ">
    <subfield code="c">CO-MqBPB</subfield>
  </datafield>
  <datafield tag="082" ind1=" " ind2=" ">
    <subfield code="a">AN</subfield>
    <subfield code="b">CARc</subfield>
  </datafield>
  <datafield tag="100" ind1=" " ind2=" ">
    <subfield code="a">Philippa Carr</subfield>
    <subfield code="d">1906-1993.</subfield>
  </datafield>
  <datafield tag="245" ind1=" " ind2=" ">
    <subfield code="a">El Cisne Negro /</subfield>
    <subfield code="b">Carr Philippa; traducci&#xF3;n An&#xED;bal Leal.</subfield>
  </datafield>
  <datafield tag="264" ind1=" " ind2=" ">
    <subfield code="a">Argentina;</subfield>
    <subfield code="b">Javier Vergara Editor S.A.</subfield>
    <subfield code="c">1991.</subfield>
  </datafield>
  <datafield tag="300" ind1=" " ind2=" ">
    <subfield code="a">395 paginas;</subfield>
    <subfield code="b">Tapa Dura,</subfield>
    <subfield code="c">20 cm.</subfield>
  </datafield>
  <datafield tag="500" ind1=" " ind2=" ">
    <subfield code="a">Narra la historia de Lucie, quien pas&#xF3; los primeros a&#xF1;os de su vida alejada de su familia. Por fin se reencuentra con su padre, Benedict Lansdom, un pol&#xED;tico distinguido y ambicioso, con quien entabla una relaci&#xF3;n de mutua devoci&#xF3;n que va a desembocar en un violento y tr&#xE1;gico final. Ella se convertir&#xE1; en el testigo principal del asesinato de aqu&#xE9;l
Agobiada por una extra&#xF1;a visi&#xF3;n, Lucie se siente perseguida por las dudas. &#xBF;Hab&#xED;a ayudado a enviar al pat&#xED;bulo al hombre equivocado?A todo esto, se suma su encuentro con un cisne negro, un episodio que la afectar&#xE1; de un modo extra&#xF1;o.</subfield>
  </datafield>
  <datafield tag="942" ind1=" " ind2=" ">
    <subfield code="2">ddc</subfield>
    <subfield code="c">BKLIT</subfield>
  </datafield>
  <datafield tag="999" ind1=" " ind2=" ">
    <subfield code="c">14890</subfield>
    <subfield code="d">14890</subfield>
  </datafield>
  <datafield tag="952" ind1=" " ind2=" ">
    <subfield code="0">0</subfield>
    <subfield code="1">0</subfield>
    <subfield code="2">ddc</subfield>
    <subfield code="4">0</subfield>
    <subfield code="7">0</subfield>
    <subfield code="8">LA</subfield>
    <subfield code="a">BPMOS</subfield>
    <subfield code="b">BPMOS</subfield>
    <subfield code="c">FIC</subfield>
    <subfield code="d">2023-04-14</subfield>
    <subfield code="e">Donaci&#xF3;n</subfield>
    <subfield code="l">4</subfield>
    <subfield code="o">AN CARc</subfield>
    <subfield code="p">MOS503122</subfield>
    <subfield code="q">2024-01-29</subfield>
    <subfield code="r">2024-01-11</subfield>
    <subfield code="s">2024-01-11</subfield>
    <subfield code="t">Ej. 1</subfield>
    <subfield code="w">2023-04-14</subfield>
    <subfield code="y">BKLIT</subfield>
    <subfield code="z">Quince d&#xED;as</subfield>
  </datafield>
</record>
